| 000 | 005370000a22001810004500 | ||
|---|---|---|---|
| 003 | MACL | ||
| 005 | 20160202120814.0 | ||
| 008 | 160202b xxu||||| |||| 00| 0 eng d | ||
| 040 |
_aMACL _cMACL |
||
| 041 | _aHindi | ||
| 082 | _a954 | ||
| 100 |
_aबाराम ए. एल _936435 |
||
| 245 | _aअद़भुत भारत | ||
| 260 |
_bशिवलाल अग्रवाल एएड कम्तनी _aआगरा |
||
| 350 | _a130 | ||
| 650 |
_aभारतिय इतिहास _936436 |
||
| 942 |
_cHIN _k954 _2ddc |
||
| 999 |
_c45529 _d45529 |
||